Candidats de La Nouvelle Star (Saison 1 à 13) - Statistiques

Statistiques générales
  • Ce quiz a été pris 375 fois
    178 depuis la dernière actualisation
  • Le résultat moyen est 63 sur 168
Statistiques - réponses
Saison candidats % Correct
Saison 10 | Saison 5 | Saison 6 | Saison 9 Julie
92%
Saison 2 | Saison 5 | Saison 6 Julien
88%
Saison 4 Christophe
87%
Saison 2 Amel
86%
Saison 1 Jonathan
77%
Saison 9 Paul
70%
Saison 12 | Saison 5 Pierre
70%
Saison 6 Amandine
68%
Saison 3 | Saison 6 | Saison 8 Benjamin
66%
Saison 4 Dominique
65%
Saison 3 Myriam
65%
Saison 4 Sophie
65%
Saison 11 Kévin
62%
Saison 6 | Saison 7 Thomas
62%
Saison 9 Flo
61%
Saison 1 Thierry
61%
Saison 10 | Saison 11 | Saison 13 Mathieu
60%
Saison 5 Alex
58%
Saison 10 | Saison 2 Laura
58%
Saison 8 Luce
57%
Saison 10 | Saison 11 Pauline
57%
Saison 4 | Saison 8 Stéphanie
57%
Sasion 4 Gaël
56%
Saison 7 Soan
56%
Saison 4 | Saison 9 Florian
55%
Saison 6 Jules
55%
Saison 8 Marine
53%
Saison 2 Charles
52%
Saison 1 Alexis
51%
Saison 4 | Saison 6 Cindy
51%
Saison 2 Steeve
51%
Saison 6 Cédric
49%
Saison 5 Isabelle
49%
Saison 12 Patrick
49%
Saison 4 Bruno
48%
Saison 7 Camélia Jordana
48%
Saison 9 Léa
48%
Saison 5 Vincent
48%
Saison 7 | Saison 9 Charlotte
47%
Saison 8 François
47%
Saison 3 Sarah
47%
Saison 10 Marc
45%
Saison 9 Sophie-Tith
44%
Saison 4 Valérie
44%
Saison 12 Caroline
43%
Saison 6 Clément
43%
Saison 7 Damien
43%
Saison 3 Dan
43%
Saison 2 Pascal
43%
Saison 8 Manon
42%
Saison 13 Xavier
42%
Saison 12 Maxime
40%
Saison 3 | Saison 9 Philippe
40%
Saison 5 Tigane
40%
Saison 8 Anna
39%
Saison 7 Antoine
39%
Saison 6 Fred
39%
Saison 5 Gaëtane
39%
Saison 11 Micka
39%
Saison 13 Victor
39%
Saison 10 Hugo
38%
Saison 7 Mickaël
38%
Saison 10 Yseult
38%
Saison 11 Emji
36%
Saison 2 John
36%
Saison 5 Michel
36%
Saison 6 Ycare
36%
Saison 12 Mélanie
35%
Saison 7 Mélissa
35%
Saison 11 Noémie
35%
Saison 3 Pierrick
34%
Saison 7 Leïla
31%
Saison 6 Lucile
31%
Saison 11 Maëva
30%
Saison 1 Jean Sébastien
29%
Saison 1 | Saison 7 Yoann
29%
Saison 1 Gabrielle
27%
Saison 8 Lussi
27%
Saison 5 Soma
27%
Saison 2 Babeth
23%
Saison 10 Claudia
23%
Saison 5 Martine
23%
Saison 5 Raphaëlle
23%
Saison 10 Alvaro
22%
Saison 8 Ambre
22%
Saison 6 Axelle
22%
Saison 1 Laetizia
22%
Saison 10 Léopoldine
22%
Saison 7 Maria-Paz
22%
Saison 10 Mehdi
22%
Saison 8 Ramon
22%
Saison 2 Simongad
22%
Saison 7 Dalé
21%
Saison 10 Dana
21%
Saison 10 Kim
21%
Saison 7 Lary
21%
Saison 8 Lucia
21%
Saison 10 Sirine
21%
Saison 12 Mia
19%
Saison 8 Sacha
19%
Saison 8 Annabelle
18%
Saison 1 Cindie
18%
Saison 2 Geoffrey
18%
Saison 12 Manu
18%
Saison 3 Roland
18%
Saison 11 Ursula
18%
Saison 5 Canelle
17%
Saison 13 Carla
17%
Saison 8 Dave
17%
Saison 3 Geraldine
17%
Saison 3 Malik
17%
Saison 11 Martial
17%
Saison 3 Mervyn
17%
Saison 11 Nelson
17%
Saison 4 Beverly
16%
Saison 4 Joana
16%
Saison 1 Priscilla
16%
Saison 13 Yadam
16%
Saison 7 Yasmina
16%
Saison 13 Ashley
14%
Saison 4 Jean-Charles
14%
Saison 6 Kristov
14%
Saison 5 Mounir
14%
Saison 6 Siân
14%
Saison 13 Slon
14%
Saison 9 Timothée
14%
Saison 9 Adélaïde
13%
Saison 13 Béni
13%
Saison 3 Corentine
13%
Saison 10 Ezra
13%
Saison 12 Florie
13%
Saison 3 Francine
13%
Saison 5 Ilyès
13%
Saison 7 Mahdi
13%
Saison 3 Ségolène
13%
Saison 12 Caruso
12%
Saison 10 Chehinaze
12%
Saison 11 Frances Isabel
12%
Saison 13 Lilou
12%
Saison 12 Nirintsoa
12%
Saison 13 Azza
10%
Saison 4 Célia
10%
Saison 3 Gérôme
10%
Saison 4 Vladimir
10%
Saison 13 Kamisa Negra
9%
Saison 13 Ofé
8%
Saison 3 Rabbia
8%
Saison 8 Seigfried
5%
Aucun quiz correspondant
Distribution des résultats
% des personnes avec chaque résultat
Percentile par nombre de réponses
Votre historique - résultats
Vous n’avez pas pris ce quiz depuis la dernière actualisation